书目信息 |
| 题名: |
加强和创新社会管理的法律问题研究
|
|
| 作者: | 杨临宏 主编 | |
| 分册: | ||
| 出版信息: | 北京 中央编译出版社 2015 |
|
| 页数: | 259页 | |
| 开本: | 24cm | |
| 丛书名: | 社会学研究丛书 | |
| 单 册: | ||
| 中图分类: | D922.104 | |
| 科图分类: | ||
| 主题词: | 社会管理--She Hui Guan Li--法治--研究--中国 | |
| 电子资源: | ||
| ISBN: | 978-7-5117-2638-4 | |
| 000 | 01033nam0 22002651 450 | |
| 001 | 350180 | |
| 005 | 20161008165322.43 | |
| 010 | @a978-7-5117-2638-4@dCNY48.00 | |
| 100 | @a20150831d2015 em y0chiy50 ea | |
| 101 | 0 | @achi |
| 102 | @aCN@b110000 | |
| 105 | @ay z 000yy | |
| 106 | @ar | |
| 200 | 1 | @a加强和创新社会管理的法律问题研究@AJia Qiang He Chuang Xin She Hui Guan Li De Fa Lv Wen Ti Yan Jiu@f杨临宏主编 |
| 210 | @a北京@c中央编译出版社@d2015 | |
| 215 | @a259页@d24cm | |
| 225 | 2 | @a社会学研究丛书@AShe Hui Xue Yan Jiu Cong Shu |
| 300 | @a本项目研究得到云南省哲学社会科学研究基地支持 | |
| 330 | @a本书对加强和创新社会管理的法律问题进行研究,主要内容有:运用法治思维,创新社会管理;积极配套立法,规范救助体制;加大监督力度,加强法治建设;强化调解仲裁,建立行政调解。 | |
| 461 | 0 | @12001 @a社会学研究丛书 |
| 606 | 0 | @a社会管理@AShe Hui Guan Li@x法治@x研究@y中国 |
| 690 | @aD922.104@v5 | |
| 701 | 0 | @a杨临宏@AYang Lin Hong@f(1965~)@4主编 |
| 801 | 0 | @aCN@bTANGWEI@c20160803 |
| 905 | @b0888725-9@dD922.104@e1288@f5 | |
| 加强和创新社会管理的法律问题研究/杨临宏主编.-北京:中央编译出版社,2015 |
| 259页;24cm.-(社会学研究丛书) |
| 本项目研究得到云南省哲学社会科学研究基地支持 |
| ISBN 978-7-5117-2638-4:CNY48.00 |
| 本书对加强和创新社会管理的法律问题进行研究,主要内容有:运用法治思维,创新社会管理;积极配套立法,规范救助体制;加大监督力度,加强法治建设;强化调解仲裁,建立行政调解。 |
| ● |
| 相关链接 |
|
|
|
|
正题名:加强和创新社会管理的法律问题研究
索取号:D922.104/1288
 
预约/预借
| 序号 | 登录号 | 条形码 | 馆藏地/架位号 | 状态 | 备注 |
| 1 | 0888725 | 208887258 | 第一样本阅览室/ [索取号:D922.104/1288] | 在馆 | |
| 2 | 0888726 | 208887267 | 第一借阅区/ [索取号:D922.104/1288] | 在馆 | |
| 3 | 0888727 | 208887276 | 第一借阅区/ [索取号:D922.104/1288] | 在馆 | |
| 4 | 0888728 | 208887285 | 第一借阅区/ [索取号:D922.104/1288] | 在馆 | |
| 5 | 0888729 | 208887294 | 密集书库-史法系/ [索取号:D922.104/1288] | 在馆 |